Statistics for Dead by Daylight

Click here to take the quiz!

General Stats

  • This quiz has been taken 63 times
  • The average score is 58 of 134

Answer Stats

HintAnswer% Correct
Claudette TeachableSelf-Care
80%
Meg TeachableSprint Burst
80%
David TeachableDead Hard
78%
Hag TeachableHex: Ruin
78%
Dwight TeachableLeader
78%
Nea TeachableBalanced Landing
76%
Meg TeachableAdrenaline
73%
Feng TeachableLithe
73%
Jake TeachableIron Will
71%
Meg TeachableQuick and Quiet
71%
Ace TeachableAce in the Hole
68%
Bill TeachableUnbreakable
68%
Steve TeachableBabysitter
66%
Dwight TeachableBond
66%
Jake TeachableCalm Spirit
66%
Claudette TeachableEmpathy
66%
David TeachableNo Mither
66%
Bill TeachableBorrowed Time
63%
Laurie TeachableDecisive Strike
63%
Laurie TeachableObject of Obsession
63%
Jake TeachableSaboteur
63%
Claudette TeachableBotany Knowledge
61%
Hag TeachableHex: Devour Hope
61%
Dwight TeachableProve Thyself
61%
Nea TeachableUrban Evasion
61%
Jane TeachableHead On
59%
Shape TeachablePlay with your Food
59%
Shape TeachableSave the Best for Last
59%
Doctor TeachableOvercharge
56%
Nea TeachableStreetwise
56%
Feng TeachableTechnician
56%
Clown TeachableBamboozle
54%
Huntress TeachableHex: Huntress Lullaby
54%
Bill TeachableLeft Behind
54%
Hillbilly TeachableLightborn
54%
Ash TeachableMettle of Man
54%
Nurse TeachableNurse's Calling
54%
Spirit TeachableSpirit Fury
54%
Kate TeachableBoil Over
51%
Tapp TeachableDetective's Hunch
51%
Spirit TeachableHex: Haunted Ground
51%
Nancy TeachableInner Strength
51%
Laurie TeachableSole Survivor
51%
Feng TeachableAlert
49%
Kate TeachableDance With Me
49%
Hillbilly TeachableEnduring
49%
Doctor TeachableMonitor and Abuse
49%
Quentin TeachablePharmacy
49%
Wraith TeachableShadowborn
49%
General SurvivorSpine Chill
49%
Demogorgon TeachableSurge
49%
Quentin TeachableWake Up
49%
Shape TeachableDying Light
46%
Cannibal TeachableFranklin's Demise
46%
Hag TeachableHex: The Third Seal
46%
Ghostface TeachableI'm All Ears
46%
Clown TeachablePop Goes The Weasel
46%
Kate TeachableWindows of Opportunity
46%
Cannibal TeachableBarbecue and Chili
44%
Nightmare TeachableBloodwarden
44%
Legion TeachableIron Maiden
44%
Trapper TeachableAgitation
41%
Wraith TeachableBloodhound
41%
Adam TeachableDeliverance
41%
Adam TeachableDiversion
41%
Nancy TeachableFixated
41%
Spirit TeachableRancor
41%
Hillbilly TeachableTinkerer
41%
David TeachableWe're Gonna Live Forever
41%
Nightmare TeachableFire Up
39%
Ash TeachableFlip Flop
39%
General KillerHex: No One Escapes Death
39%
Cannibal TeachableKnockout
39%
Pig TeachableMake Your Choice
39%
Tapp TeachableTenacity
39%
Ghostface TeachableThrilling Tremors
39%
Ace TeachableUp the Ante
39%
Nancy TeachableBetter Together
37%
Jeff TeachableBreakdown
37%
Nightmare TeachableRemember Me
37%
Nurse TeachableStridor
37%
Quentin TeachableVigil
37%
Clown TeachableCoulrophobia
34%
Legion TeachableDiscordance
34%
Jeff TeachableDistortion
34%
General SurvivorPremonition
34%
Steve TeachableSecond Wind
34%
Jane TeachableSolidarity
34%
Trapper TeachableBrutal Strength
32%
Steve TeachableCamaraderie
32%
Plague TeachableCorrupt Intervention
32%
General SurvivorDeja Vu
32%
General SurvivorKindred
32%
Doctor TeachableOverwhelming Presence
32%
Jane TeachablePoised
32%
Wraith TeachablePredator
32%
Tapp TeachableStake Out
32%
Nurse TeachableThanatophobia
32%
Trapper TeachableUnnerving Presence
32%
Jeff TeachableAftercare
29%
Adam TeachableAutodidact
29%
Huntress TeachableBeast of Prey
29%
General SurvivorDark Sense
29%
Pig TeachableHangman's Trick
29%
General SurvivorHope
29%
Plague TeachableInfectious Fright
29%
General KillerIron Grasp
29%
General SurvivorNo One Left Behind
29%
Pig TeachableSurveillance
29%
General KillerUnrelenting
29%
Legion TeachableMad Grit
27%
General SurvivorResilience
27%
Huntress TeachableTerritorial Imperative
27%
General SurvivorThis Is Not Happening
27%
Ash TeachableBuckle Up
24%
General KillerHex: Thrill of the Hunt
24%
General SurvivorPlunderer's Instinct
24%
General SurvivorSlippery Meat
24%
General KillerSloppy Butcher
24%
General SurvivorSmall Game
24%
General SurvivorWe'll Make It
24%
Plague TeachableDark Devotion
22%
Ghostface TeachableFurtive Chase
22%
General KillerInsidious
22%
General SurvivorLightweight
22%
General KillerMonstrous Shrine
22%
Demogorgon TeachableMind Breaker
20%
Ace TeachableOpen Handed
20%
General KillerWhispers
20%
Demogorgon TeachableCruel Limits
17%
General KillerSpies from the Shadows
17%
General KillerBitter Murmur
10%
General KillerDeerstalker
10%
General KillerDistressing
10%

Score Distribution

Percentile by Number Answered

Percent of People with Each Score

Your Score History

You have not taken this quiz